000 004600000a22001570004500
003 MACL
005 20180104132428.0
008 180104b xxu||||| |||| 00| 0 eng d
040 _cMACL
100 _aसे. रा. यात्री
_941213
245 _aबैरंग खत
260 _bस्‍वास्तिक प्रकाशन
_c2002
350 _a200
650 _aउपन्‍यास
_969903
942 _cHIN
_k891.433/YAT/N
_2ddc
999 _c12660
_d12660